STN EN ISO 15141-1: 2001 (56 0511) Požívatiny. Stanovenie ochratoxínu A v cereáliách a cereálnych výrobkoch Časť 1 Metóda vysokoúčinnej kvapalinovej chromatografie s prečistením na silikagéli (ISO 15141-1: 1998)

Bibliographic Details
Main Author: Benická, Eva (Author)
Format: Book
Language:Slovak
English
PhysicalDescription:16 s. 30 cm
Published: Bratislava Slovenský ústav technickej normalizácie 2001
Subjects:

MARC

LEADER 00000nam a2200000 a 4500
001 vtls008942693
003 SK-MaSNL
005 20260301170117.0
008 130117s2001 xo f u 000 0 slo
015 |a SNBN2011/03-02838 
020 |c (cen. skup. 11) 
040 |a SNK  |b slo  |c SNK  |e AACR2 
041 1 |a slo  |h eng 
044 |a xo  |c SK 
046 |a s  |m 200111 (účin.) 
072 7 |a 664  |x Potravinársky priemysel  |2 konspekt 
072 7 |a 614  |x Verejné zdravie a hygiena  |2 konspekt 
080 |a 614.31  |2 2001 
080 |a 006.86  |2 2001 
080 |a (437.6)  |2 2001 
080 |a (4)  |2 2001 
080 |a (083)  |2 2001 
080 |a 664.696.4  |2 2001 
084 |a 67.060  |2 ICS 
130 0 |a STN 56 0511 (STN EN ISO 15141-1)  |9 535831 
245 1 0 |a STN EN ISO 15141-1: 2001 (56 0511) Požívatiny. Stanovenie ochratoxínu A v cereáliách a cereálnych výrobkoch  |n Časť 1  |p Metóda vysokoúčinnej kvapalinovej chromatografie s prečistením na silikagéli (ISO 15141-1: 1998)  |c spracovateľ Eva Benická 
246 1 0 |a Požívatiny. Stanovenie ochratoxínu A v cereáliách a cereálnych výrobkoch  |n Časť 1 
246 1 0 |a Metóda vysokoúčinnej kvapalinovej chromatografie s prečistením na silikagéli 
260 |a Bratislava  |b Slovenský ústav technickej normalizácie  |c 2001 
300 |a 16 s.  |c 30 cm 
540 |a Normy sa podľa zákona č. 264/1999 Z. z. nesmú kopírovať 
650 0 7 |a technické normy a štandardy  |z Slovensko  |2 SNKPH  |9 79594 
650 0 7 |a technické normy a štandardy  |z krajiny Európskej únie  |2 SNKPH  |9 289341 
650 0 7 |a kontrola potravín  |2 SNKPH  |9 19238 
655 7 |a normy  |2 SNKPH  |9 70643 
700 1 |a Benická, Eva  |4 aut  |9 8016 
710 2 |a Slovenský ústav technickej normalizácie (Bratislava, Slovensko)  |b TNK 78 Poľnohospodárske produkty a potravinárske výrobky  |4 stn  |9 473502 
958 |a OP 
999 |c 826539  |d 828469 
952 |a SNK  |b SNK  |y PREZ  |7 0  |p 17A0538954  |o snkSTN EN ISO 15141-1  |i snk2007/3262  |8 0  |0 0  |1 0  |4 0  |d 2007-02-05  |l 0  |r 2026-02-24 03:24:07  |w 2026-02-24 
952 |a SNK  |b SNK  |y PREZ  |7 0  |p 17A0538953  |o snkSTN EN ISO 15141-1 D1  |i snk2007/3264  |8 0  |0 0  |1 0  |4 0  |d 2007-02-05  |l 0  |r 2026-02-24 03:24:07  |w 2026-02-24